<?xml version="1.0" encoding="UTF-8"?>
<record
    xmlns:xsi="http://www.w3.org/2001/XMLSchema-instance"
    xsi:schemaLocation="http://www.loc.gov/MARC21/slim http://www.loc.gov/standards/marcxml/schema/MARC21slim.xsd"
    xmlns="http://www.loc.gov/MARC21/slim">

  <leader>03090nam a22003017a 4500</leader>
  <controlfield tag="003">OSt</controlfield>
  <controlfield tag="005">20220811203744.0</controlfield>
  <controlfield tag="008">220810b           ||||| |||| 00| 0 eng d</controlfield>
  <datafield tag="040" ind1=" " ind2=" ">
    <subfield code="a">CvSU-CCAT Campus Library.</subfield>
    <subfield code="b">English.</subfield>
    <subfield code="c">CvSU-CCAT Campus Library.</subfield>
    <subfield code="e">rda.</subfield>
  </datafield>
  <datafield tag="050" ind1=" " ind2=" ">
    <subfield code="a">UM TH5618</subfield>
    <subfield code="b">F84 2018</subfield>
  </datafield>
  <datafield tag="100" ind1=" " ind2=" ">
    <subfield code="a">Fuentes, Arvin Joseph M., Author.</subfield>
    <subfield code="9">6200</subfield>
  </datafield>
  <datafield tag="245" ind1=" " ind2=" ">
    <subfield code="a">Development of Digital Laser Leveling Device / </subfield>
    <subfield code="c">Arvin Joseph M. Fuentes, Carlos A. Javier, John Arvy L. Milcar.</subfield>
  </datafield>
  <datafield tag="260" ind1=" " ind2=" ">
    <subfield code="a">Rosario, Cavite :</subfield>
    <subfield code="b">Cavite State University-CCAT Campus,</subfield>
    <subfield code="c">2018.</subfield>
  </datafield>
  <datafield tag="300" ind1=" " ind2=" ">
    <subfield code="a">xv, 72 leaves :</subfield>
    <subfield code="b">illustrations ;</subfield>
    <subfield code="c">28 cm</subfield>
  </datafield>
  <datafield tag="500" ind1=" " ind2=" ">
    <subfield code="a">Design Project (BSIT) Major in Drafting Technology--Cavite State University-CCAT Campus, 2018.</subfield>
  </datafield>
  <datafield tag="504" ind1=" " ind2=" ">
    <subfield code="a">Includes bibliographical references and appendices.</subfield>
  </datafield>
  <datafield tag="520" ind1=" " ind2=" ">
    <subfield code="a">FUENTES, ARVIN JOSEPH M., MILGAR JOHN ARVY L., JAVIER, CARLOS A. Development of Digital Laser Levelling Device. Design Project. Bachelor of Science in Industrial Technology major in Drafting Technology.Cavite State University, Rosario, Cavite. August 2018. Adviser: Mr. Allen Jhon C.Muyot. Technical critic: Mr. Ariesthotle D. Arive.

The study was conducted from March to August 2018 at Cavite State University Rosario Campus. The main objective of this study is to develop a Digital Laser Levelling Device, and the main purpose of this study is to help the workmen and ordinary person for DIY home projects.

This study is focused mainly on the design construction and evaluation of a Digital Laser Levelling Device, which is a more accurate and advance levelling device.The Digital Laser Levelling Device has a limit of 10m long. This can also measure the distance between the ultra-sonic devices to the surface from 0 to 30cm. This device also has a level vial to measure the horizontal surfaces only.

The Digital Laser Levelling Device is consists of six major parts: the arduino nano,photosensitive sensor module, ultra-sonic device, four digit display, piezo buzzer, and laser. The arduino is the controller where all programs are applied.The second part is photosensitive sensor module where laser will be pointed. The third part is the ultra-sonic device that measures the distance from the device to the surface. The fourth is the four-digit display where the measure of the ultra-sonic device is shown. The fifth is piezo buzzer that signifies the level and lastly, is the laser that serves as the sender.

All the data gathered in the evaluation reflect the Accuracy of Digital Laser Levelling Device in terms of levelling a surface. The researchers conducted a cost analysis and it gave them a total cost of Php 25,299.00</subfield>
  </datafield>
  <datafield tag="546" ind1=" " ind2=" ">
    <subfield code="a">In English text.</subfield>
  </datafield>
  <datafield tag="650" ind1=" " ind2=" ">
    <subfield code="a">Carpentry</subfield>
    <subfield code="9">6201</subfield>
  </datafield>
  <datafield tag="650" ind1=" " ind2=" ">
    <subfield code="a">Tools</subfield>
    <subfield code="9">6202</subfield>
  </datafield>
  <datafield tag="650" ind1=" " ind2=" ">
    <subfield code="a">Digital Laser Levelling Device</subfield>
    <subfield code="9">6203</subfield>
  </datafield>
  <datafield tag="700" ind1=" " ind2=" ">
    <subfield code="a">Javier, Carlos A., Author.</subfield>
    <subfield code="9">6204</subfield>
  </datafield>
  <datafield tag="700" ind1=" " ind2=" ">
    <subfield code="a">Milgar, John Arvy L., Author.</subfield>
    <subfield code="9">6205</subfield>
  </datafield>
  <datafield tag="700" ind1=" " ind2=" ">
    <subfield code="a">Muyot, Allen Jhon C., Adviser.</subfield>
    <subfield code="9">6206</subfield>
  </datafield>
  <datafield tag="700" ind1=" " ind2=" ">
    <subfield code="a">Arive, Ariesthotle D., Technical critic.</subfield>
    <subfield code="9">5155</subfield>
  </datafield>
  <datafield tag="942" ind1=" " ind2=" ">
    <subfield code="c">T/M/D</subfield>
    <subfield code="h">TH5618 F84 2018</subfield>
    <subfield code="k">UM</subfield>
    <subfield code="2">lcc</subfield>
  </datafield>
  <datafield tag="999" ind1=" " ind2=" ">
    <subfield code="c">1857</subfield>
    <subfield code="d">1857</subfield>
  </datafield>
  <datafield tag="952" ind1=" " ind2=" ">
    <subfield code="0">0</subfield>
    <subfield code="1">0</subfield>
    <subfield code="2">lcc</subfield>
    <subfield code="4">0</subfield>
    <subfield code="7">0</subfield>
    <subfield code="8">UM</subfield>
    <subfield code="a">CCATLIB</subfield>
    <subfield code="b">CCATLIB</subfield>
    <subfield code="c">TH</subfield>
    <subfield code="d">2022-08-10</subfield>
    <subfield code="f">UM</subfield>
    <subfield code="o">UM TH5618 F84 2018</subfield>
    <subfield code="p">T0005169</subfield>
    <subfield code="r">2025-10-24 00:00:00</subfield>
    <subfield code="t">1 copy</subfield>
    <subfield code="w">2022-08-10</subfield>
    <subfield code="y">T/M/D</subfield>
  </datafield>
</record>
